000
00207nam a22000977a 4500
003
OSt
008
210112b ||||| |||| 00| 0 eng d
100
_a
Parappurath
_9
4341
245
_a
Prakashadhara
942
_c
BK
999
_c
16409
_d
16409